000 00787cam a22002411 4500
001 s 13000097
003 DLC
005 20260227111910.0
008 771212s1879 dcua f001 0 eng c
010 _as 13000097
035 _a(OCoLC)3486420
040 _aSmithsonian Inst. Library
_cNGenoU
_dNGenoU
_dDLC
042 _apremarc
050 0 0 _aQ11
_b.S68
100 1 _aElliot, Daniel Giraud,
_d1835-1915.
245 1 2 _aA classification and synopsis of the Trochilidæ.
_cBy Daniel Giraud Elliot.
260 _a[Washington,
_bSmithsonian Institution,
_c1879]
300 _axii, 277 p.
_billus.
_c32 cm.
490 0 _aSmithsonian contributions to knowledge. [vol. XXIII, art. 5]
490 0 _aSmithsonian Institution publication 317.
650 0 _aBirds.
650 0 _aHummingbirds.
999 _c52652
_d52652